[Event "GER-chT U10"]
[Site "Magdeburg"]
[Date "2012.12.29"]
[Round "6.1"]
[White "Zeuner, Ole"]
[Black "Krause, Philipp"]
[Result "1/2-1/2"]
[WhiteElo "1079"]
[BlackElo "914"]
[PlyCount "79"]
[EventDate "2012.12.27"]
[EventType "team-swiss"]
[EventRounds "7"]
[EventCountry "GER"]
[SourceTitle "EXT 2014"]
[Source "ChessBase"]
[SourceDate "2013.11.20"]
[SourceVersion "1"]
[SourceVersionDate "2013.11.20"]
[SourceQuality "1"]
[WhiteTeam "Magdeburg Schachzwerge"]
[BlackTeam "Halver Schalksmuehle"]
[WhiteTeamCountry "GER"]
[BlackTeamCountry "GER"]

1. e4 e5 2. Nf3 Nc6 3. d4 d6 4. dxe5 Bd7 5. exd6 Bxd6 6. Bc4 Nf6 7. Nc3 0-0 8. Qe2 Bg4 9. Qe3 Nb4 10. Bb3 Be6 11. a3 Bxb3 12. axb4 Bxc2 13. e5 Bxe5 14. Nxe5 Nd5 15. Nxd5 Qxd5 16. 0-0 Rae8 17. Qc3 Be4 18. Nf3 Re6 19. Qc5 Bxf3 20. Qxd5 Bxd5 21. Rxa7 Rfe8 22. Bd2 Bc4 23. Rc1 h6 24. h3 Re2 25. Rxc4 Rxd2 26. Rxc7 Ree2 27. Raxb7 Rxf2 28. Rc8+ Kh7 29. b5 Rxg2+ 30. Kf1 Rh2 31. Kg1 Rxb2 32. Rxf7 Rxh3 33. Rc5 Rhb3 34. Rb7 Kg6 35. Rc6+ Kf5 36. Rf7+ Kg4 37. Rg6+ Kh3 38. Rfxg7 Rb1+ 39. Kf2 R1b2+ 40. Kg1 1/2-1/2